Ritual and knowledge among the Baktaman of New Guinea

Saved in:
Bibliographic Details
Main Author: Barth, Fredrik 1928-
Format: Book
Language:English
Published: Oslo : Universitetsforlaget, 1975
Subjects:
Tags: Add Tag
No Tags, Be the first to tag this record!

MARC

LEADER 00000nam a2200000 i 4500
001 1/81850
008 970224s1975 eng d
020 |a 0-300-01816-9 
035 |l 10005387 
040 |a GR-MY-UA  |b gre  |e aacr 
041 0 |a eng 
082 0 |a 306.40995 
100 1 |a Barth, Fredrik  |d 1928- 
245 1 0 |a Ritual and knowledge among the Baktaman of New Guinea /  |c Fredrik Barth 
260 |a Oslo :   |b Universitetsforlaget,   |c 1975 
300 |a 291 p. 
650 0 0 |a Ethnology  |z New Guinea. 
650 0 0 |a Ritual. 
650 0 0 |a Baktaman (Papua New Guinea people) 
852 |a INST  |b LESVOS  |e 19970224  |h 306.40995 BAR  |p 005100011959  |q 005100011959  |t BK  |y 0 
909 |a Λ  |b 007346